000 00681nam a2200157Ia 4500
005 20250923145247.0
008 008 250917s9999 xx 000 0 eng d
037 _aTextual
040 _aDSWL
_beng
_cDSWL
041 _aeng
_2eng
084 _aX:95.2'N68s, N70
_qDSWL
245 0 _aEstabliments covered by the employment market information scheme of National Employment Market Information Scheme of National Employment Service an analysis: July, 1968
_c by Ministry of Labour, Employment & Relabilitation
260 _aNew Delhi
_b Ministry of Labour, Employment & Relabilitation
_c1970
942 _cTEXL
_hX:95.2'N68s, N70
999 _c1449120
_d1449120